| 000 | 00660nam a22002057a 4500 | ||
|---|---|---|---|
| 003 | DO-SdBNP | ||
| 005 | 20170120115810.0 | ||
| 008 | 170120b 1993 xx |||| |||| 00| 0 spa d | ||
| 020 | _a 0881064211 | ||
| 040 |
_aBPMSU _bspa _cBPMSU |
||
| 100 | _aWillow, Diane | ||
| 245 |
_aDentro de la selva tropical / _cDiane Willow ; ilustraciones Laura Jacques |
||
| 260 |
_aEstados Unidos de América : _bCharlesbridge, _c1993 |
||
| 300 |
_a[36 p.]: _bils. ; _c32 cm. |
||
| 490 | _aEstrella estrella dejame leer | ||
| 700 |
_aJacques, Laura _eils. |
||
| 830 | _aEstrella estrella dejame leer | ||
| 942 |
_2ddc _cBK |
||
| 956 |
_aVMATEO _b10 _c20170120 _dBPMSU _f0069 |
||
| 999 |
_c12531 _d12531 |
||